000 00519nam a2200193Ia 4500
008 131103s9999 xx 000 0 und d
040 _aLoreto College
041 _aEnglish
082 _a940.2/GUG
_bLCLIB
100 _aGuggenberger, A
245 2 _aA general history of the christian era
_cA Guggenberger
250 _a9th ed.
260 _aNew York
_bB herder Book
_c1918
300 _aV.3
_b ill.
_c 23cm.
504 _aIncludes index
650 _aEurope - History
850 _aLCLIB/940.2/GUG
942 _cBK
999 _c25192
_d75671